Catalog

Record Details

Catalog Search



"Gott eint - in Christus eine neue Schöpfung" : Bericht der 10. Vollversammlung Konferenz Europäischer Kirchen 1.-11. September 1992, Prag, TSFR Cover Image Book Book

"Gott eint - in Christus eine neue Schöpfung" : Bericht der 10. Vollversammlung Konferenz Europäischer Kirchen 1.-11. September 1992, Prag, TSFR Konferenz Europäischer Kirchen

Record details

  • ISBN: 2-88070-068-X
  • Physical Description: 373 S.
  • Publisher: Genf, Schweiz Konferenz Europäischer Kirchen 1993

Available copies

  • 1 of 1 copy available at Common Catalog SPOK.

Holds

  • 0 current holds with 1 total copy.
Show Only Available Copies
Location Call Number / Copy Notes Barcode Shelving Location Status Due Date
ETS Library 262.0011 424470003280 Volný výběr Available -

LDR 00890nam a2 00229
00135022
003CZ-PrJAB
00520030606000000.0
008030606s1993 sz e |||| |ger
009ch
020 . ‡a2-88070-068-X
035 . ‡a(CONS)3299
035 . ‡aKPS4683
041 . ‡ager
08214. ‡a262.0011
110 . ‡aKonferenz Europäischer Kirchen
245 . ‡a"Gott eint - in Christus eine neue Schöpfung" : ‡bBericht der 10. Vollversammlung Konferenz Europäischer Kirchen 1.-11. September 1992, Prag, TSFR ‡cKonferenz Europäischer Kirchen
260 . ‡aGenf, Schweiz ‡bKonferenz Europäischer Kirchen ‡c1993
300 . ‡a373 S.
653 . ‡a"Gott eint - in Christus eine neue Schöpfung" ‡aBericht der 10. Vollversammlung Konferenz Europäischer Kirchen 1.-11. September 1992, Prag, TSFR
8524 . ‡bETS ‡bETS ‡cVolný výběr ‡j262.0011 ‡gA ‡p424470003280
910 . ‡aABG450
999 . ‡a3299 ‡bAUTOGEN ‡c3299 ‡tbiblio
905 . ‡uadmin
901 . ‡a35022 ‡b ‡c35022 ‡tbiblio ‡sets

Additional Resources